| 000 | 00376nam a22001337a 4500 | ||
|---|---|---|---|
| 008 | 250310b |||||||| |||| 00| 0 eng d | ||
| 020 | _a9780241659052 | ||
| 050 |
_aRC537 _b.G65 |
||
| 100 | _aGold Phillip William | ||
| 245 | _aBreaking Through Depression New Treatment and Discoveries for Healing | ||
| 260 |
_aIreland _bPeinguin Books _c2023 |
||
| 300 | _axv,256p | ||
| 942 | _cBK | ||
| 999 |
_c2210 _d2210 |
||